[Event "Heilbronner SV - SK Schmiden/Cannstatt"]
[Site "?"]
[Date "2022.05.15"]
[Round "9.1"]
[White "Krockenberger, Martin"]
[Black "Wenninger, Philipp"]
[Result "1/2-1/2"]
[WhiteElo "2218"]
[BlackElo "2390"]
[PlyCount "46"]
[EventDate "2022.??.??"]

1. d4 d5 2. c4 c6 3. Nf3 Nf6 4. e3 Bg4 5. h3 Bxf3 6. Qxf3 e6 7. Nc3 Nbd7 8. Bd3
Bd6 9. O-O O-O 10. Rd1 Qe7 11. Bd2 Rfe8 12. e4 e5 13. c5 Bc7 14. exd5 cxd5 15.
Nxd5 Nxd5 16. Qxd5 Nf6 17. Qc4 exd4 18. Re1 Qd7 19. Bg5 Rxe1+ 20. Rxe1 Re8 21.
Rxe8+ Nxe8 22. Kf1 h6 23. Bd2 Nf6 1/2-1/2

[Event "Heilbronner SV - SK Schmiden/Cannstatt"]
[Site "?"]
[Date "2022.05.15"]
[Round "9.4"]
[White "Degenhard, Simon"]
[Black "Trachtmann, Mark"]
[Result "1/2-1/2"]
[WhiteElo "2216"]
[BlackElo "2233"]
[PlyCount "24"]
[EventDate "2022.??.??"]

1. e4 e6 2. d4 d5 3. Nc3 dxe4 4. Nxe4 Be7 5. Nf3 Nf6 6. Bd3 b6 7. Nxf6+ gxf6 8.
Bf4 Bb7 9. Qe2 Nc6 10. c3 Bd6 11. Bg3 Qe7 12. O-O O-O-O 1/2-1/2

[Event "Heilbronner SV - SK Schmiden/Cannstatt"]
[Site "?"]
[Date "2022.05.15"]
[Round "9.6"]
[White "Pogan, Nikolas"]
[Black "Loehr, Markus"]
[Result "1/2-1/2"]
[WhiteElo "2239"]
[BlackElo "2202"]
[PlyCount "35"]
[EventDate "2022.??.??"]

1. Nf3 Nf6 2. g3 g6 3. Bg2 Bg7 4. O-O d5 5. d3 O-O 6. a3 a5 7. a4 Re8 8. Nbd2
e5 9. e4 c6 10. Re1 Nbd7 11. h3 b6 12. Nh2 Bb7 13. Ng4 Qc7 14. Nf1 dxe4 15.
Nxf6+ Bxf6 16. dxe4 Rad8 17. Nh2 Bg7 18. Qf3 1/2-1/2

[Event "Heilbronner SV - SK Schmiden/Cannstatt"]
[Site "?"]
[Date "2022.05.15"]
[Round "9.7"]
[White "Thoma, Christian"]
[Black "Tschlatscher, Thomas"]
[Result "1/2-1/2"]
[WhiteElo "2182"]
[BlackElo "2190"]
[PlyCount "37"]
[EventDate "2022.??.??"]

1. d4 Nf6 2. c4 e6 3. Nc3 Bb4 4. e3 O-O 5. Nge2 d5 6. a3 Be7 7. cxd5 exd5 8.
Nf4 a5 9. Bd3 c6 10. O-O Na6 11. f3 Re8 12. Bc2 Bf8 13. e4 c5 14. e5 Nd7 15.
Ncxd5 cxd4 16. Kh1 Nxe5 17. Qxd4 Nc6 18. Qd3 g6 19. Rd1 1/2-1/2

[Event "Heilbronner SV - SK Schmiden/Cannstatt"]
[Site "?"]
[Date "2022.05.15"]
[Round "9.8"]
[White "Huber, Philipp"]
[Black "Eisele, Steffen"]
[Result "1-0"]
[WhiteElo "2215"]
[BlackElo "2237"]
[PlyCount "61"]
[EventDate "2022.??.??"]

1. d4 g6 2. Bg5 Bg7 3. e3 c5 4. Nf3 Nf6 5. Nbd2 O-O 6. h4 d5 7. Ne5 Nc6 8. c3
Nxe5 9. dxe5 Ng4 10. h5 Nxe5 11. hxg6 fxg6 12. Nf3 Be6 13. Bh6 Bxh6 14. Rxh6
Rxf3 15. gxf3 Qf8 16. Rh3 Rd8 17. Rg3 d4 18. exd4 cxd4 19. Qe2 Qf6 20. O-O-O d3
21. Qe4 Bc4 22. f4 Rd5 23. Rd2 Qe6 24. Re3 Qa6 25. fxe5 Qxa2 26. Bxd3 Rxd3 27.
Rdxd3 Bb3 28. Rd8+ Kg7 29. e6 Qa1+ 30. Qb1 Qa6 31. Kd2 1-0

[Event "SF Deizisau 2 - SK Bebenhausen 1"]
[Site "?"]
[Date "2022.05.15"]
[Round "9.2"]
[White "Fischer, Sebastian"]
[Black "Wendler, David"]
[Result "0-1"]
[WhiteElo "2306"]
[BlackElo "2289"]
[PlyCount "61"]
[EventDate "2022.??.??"]

1. d4 Nf6 2. Nf3 c5 3. c3 g6 4. Bg5 Bg7 5. Nbd2 d6 6. dxc5 dxc5 7. e4 Nc6 8.
Be2 O-O 9. O-O Qc7 10. Re1 h6 11. Be3 b6 12. h3 Bb7 13. Qc2 Nh5 14. b4 cxb4 15.
cxb4 Bxa1 16. Rxa1 Rfc8 17. Qb2 Nd8 18. Bc4 Bxe4 19. Ne5 Qb7 20. Qd4 Rxc4 21.
Qxc4 Nf6 22. Bxh6 Bxg2 23. Nxg6 Bxh3 24. f3 Ng4 25. Bg5 Ne6 26. Nxe7+ Kf8 27.
Bh4 Rd8 28. Ne4 Nd4 29. Qd3 Ne5 30. Qe3 Ndxf3+ 31. Kf2 0-1

[Event "SF Deizisau 2 - SK Bebenhausen 1"]
[Site "?"]
[Date "2022.05.15"]
[Round "9.3"]
[White "Braeuning, Rudolf Wilhelm"]
[Black "Dabo-Peranic, Robert"]
[Result "0-1"]
[WhiteElo "2218"]
[BlackElo "2300"]
[PlyCount "108"]
[EventDate "2022.??.??"]

1. g3 d5 2. Bg2 e5 3. d3 g6 4. b3 Bg7 5. Bb2 Ne7 6. e3 Nbc6 7. Ne2 h5 8. h4 Bg4
9. Nd2 Qd7 10. f3 Be6 11. e4 O-O-O 12. a3 f5 13. b4 a6 14. f4 fxe4 15. dxe4 Bg4
16. Nb3 Qe8 17. Qd3 dxe4 18. Qxe4 Nf5 19. O-O Bxe2 20. Qxe2 Nxg3 21. Qc4 Qg8
22. Bh3+ Nf5 23. Qxg8 Rhxg8 24. Rae1 Kb8 25. fxe5 Nxh4 26. Rf7 g5 27. Nc5 g4
28. Bg2 Nxg2 29. Kxg2 Rd2+ 30. Kg3 Rxc2 31. Ba1 Ra2 32. Nd7+ Ka7 33. Nf6 Rxa3+
34. Kg2 Rxa1 35. Rxa1 Nxe5 36. Nxg8 Nxf7 37. Rc1 Be5 38. Ne7 h4 39. Ng6 h3+ 40.
Kf2 Bd6 41. Rc4 g3+ 42. Kf1 Ng5 43. Nh4 h2 44. Kg2 Nh3 45. b5 Nf2 46. Rc1 h1=Q+
47. Rxh1 Nxh1 48. bxa6 Nf2 49. axb7 Kxb7 50. Nf5 Ne4 51. Kf3 Kb6 52. Ne3 Nd2+
53. Ke2 Nb3 54. Nf5 Kc5 0-1

[Event "SF Deizisau 2 - SK Bebenhausen 1"]
[Site "?"]
[Date "2022.05.15"]
[Round "9.4"]
[White "Bronznik, Valerij"]
[Black "Latzke, Boris"]
[Result "1/2-1/2"]
[WhiteElo "2276"]
[BlackElo "2176"]
[PlyCount "200"]
[EventDate "2022.??.??"]

1. d4 Nf6 2. c4 e6 3. Nc3 Bb4 4. Bd2 O-O 5. Nf3 b6 6. e3 Bb7 7. Bd3 c5 8. a3
Bxc3 9. Bxc3 Ne4 10. Bxe4 Bxe4 11. dxc5 bxc5 12. Qd6 f6 13. Qxc5 Nc6 14. Rd1
Rc8 15. Qd6 Nb8 16. Qd4 Bc2 17. Rc1 Nc6 18. Qd6 Be4 19. Nd2 Bf5 20. e4 Bg6 21.
b4 Qb6 22. Qxd7 Ne5 23. Bxe5 fxe5 24. c5 Qa6 25. a4 Be8 26. b5 Bxd7 27. bxa6
Bxa4 28. O-O Rc6 29. Nf3 Rfc8 30. Nxe5 Rxc5 31. Rxc5 Rxc5 32. f4 Bb5 33. Rd1 g5
34. g3 gxf4 35. gxf4 Bxa6 36. Rd8+ Kg7 37. Rd7+ Kg8 38. Rxa7 Bb5 39. Ng4 h5 40.
Nf6+ Kf8 41. Rh7 Bc6 42. Kf2 Rc3 43. Rxh5 Kg7 44. e5 Rf3+ 45. Ke2 Rxf4 46. Ke3
Ra4 47. h4 Kf7 48. Rh7+ Kg6 49. Rh5 Bd5 50. Rg5+ Kf7 51. Ng4 Ra3+ 52. Kd4 Kf8
53. h5 Rh3 54. Nf6 Ba2 55. Rg8+ Kf7 56. Ra8 Bb1 57. Ra7+ Kf8 58. Ra8+ Kf7 59.
Ra7+ Kf8 60. Ra1 Bf5 61. Rd1 Kg7 62. Kc5 Kh6 63. Kd6 Ra3 64. Rh1 Ra6+ 65. Ke7
Ra7+ 66. Kd6 Ra6+ 67. Kc5 Ra5+ 68. Kd4 Ra4+ 69. Ke3 Ra3+ 70. Kd4 Ra4+ 71. Kc3
Ra3+ 72. Kc4 Ra4+ 73. Kb5 Ra2 74. Re1 Kg5 75. Kc5 Kh6 76. Rd1 Kg5 77. Rd8 Kf4
78. Rd4+ Kg5 79. Kd6 Ra5 80. Rc4 Ra1 81. Kd7 Ra5 82. Kd6 Ra1 83. Rc5 Re1 84.
Ke7 Ra1 85. Rc7 Ra5 86. Kd6 Ra6+ 87. Rc6 Ra5 88. Rb6 Ra1 89. Rb4 Ra6+ 90. Kc5
Ra5+ 91. Kd4 Ra1 92. Kc3 Ra3+ 93. Kd4 Ra1 94. Kc5 Ra5+ 95. Kd6 Ra6+ 96. Kc7 Ra5
97. Kd6 Ra6+ 98. Kc5 Ra5+ 99. Rb5 Ra1 100. Rb4 Ra5+ 1/2-1/2

[Event "SF Deizisau 2 - SK Bebenhausen 1"]
[Site "?"]
[Date "2022.05.15"]
[Round "9.5"]
[White "Roth, Juergen Eugen"]
[Black "Gustain, Marc"]
[Result "0-1"]
[WhiteElo "2159"]
[BlackElo "2185"]
[PlyCount "142"]
[EventDate "2022.??.??"]

1. Nf3 d5 2. g3 Nc6 3. d4 Bf5 4. Bg2 Nb4 5. Na3 e6 6. c3 Nc6 7. Qa4 Bd6 8. Nb5
Nf6 9. O-O O-O 10. Nh4 Bg6 11. Nxg6 hxg6 12. Nxd6 cxd6 13. Bg5 Qa5 14. Qxa5
Nxa5 15. f3 Nc4 16. b3 Nb6 17. e4 Rfc8 18. Rac1 Rc7 19. Bd2 Rac8 20. Rfe1 Nbd7
21. Bf1 a6 22. c4 dxc4 23. Bxc4 Nb8 24. Bf4 Rd8 25. Bd3 Nc6 26. Be3 Rdc8 27.
Kf2 d5 28. Bf4 Re7 29. Bd6 Rd7 30. e5 Rdd8 31. Bc5 Nd7 32. Ke3 Ncxe5 33. dxe5
Nxc5 34. Bb1 Nd7 35. f4 Kf8 36. h4 Ke7 37. Rh1 Nb6 38. Kd4 Nd7 39. Rcd1 Rh8 40.
Rc1 Nb8 41. Rhd1 Kd7 42. Ke3 Nc6 43. Rh1 Ne7 44. Kd4 Nf5+ 45. Bxf5 gxf5 46.
Rxc8 Rxc8 47. Kd3 b6 48. h5 Rh8 49. Kd4 Rh6 50. Ke3 g6 51. hxg6 Rxg6 52. Kf3
Rg8 53. Rh7 Ke7 54. Rh2 Rc8 55. Rd2 Rc3+ 56. Kg2 Kd7 57. Kh3 Kc6 58. Kh4 Kc5
59. Kg5 d4 60. Kf6 Kd5 61. Kxf7 Rxg3 62. Rh2 Rc3 63. Rh8 Rc7+ 64. Kf6 Rd7 65.
Rh3 b5 66. b4 Rd8 67. Ra3 Ke4 68. Kxe6 d3 69. Ke7 Ra8 70. Rb3 d2 71. Rb1 Kxf4
0-1

[Event "SF Deizisau 2 - SK Bebenhausen 1"]
[Site "?"]
[Date "2022.05.15"]
[Round "9.6"]
[White "Koellner, Aaron Noah"]
[Black "Carstens, Andreas"]
[Result "1/2-1/2"]
[WhiteElo "2166"]
[BlackElo "2135"]
[PlyCount "156"]
[EventDate "2022.??.??"]

1. d4 g6 2. Nf3 Nf6 3. Nbd2 Bg7 4. e4 d6 5. Bc4 O-O 6. O-O c6 7. a4 d5 8. Bd3
dxe4 9. Nxe4 Bg4 10. c3 Nxe4 11. Bxe4 Nd7 12. a5 Nf6 13. Bd3 Qd5 14. Be2 Rad8
15. h3 Bf5 16. Be3 a6 17. Re1 Ne4 18. Qa4 Nd6 19. Qb4 Bc8 20. Bg5 Bf6 21. Bf4
Kg7 22. Ne5 Bxe5 23. dxe5 c5 24. Qa4 Nf5 25. Rad1 Qe6 26. Bc4 Rxd1 27. Rxd1 b5
28. Bxe6 bxa4 29. Bc4 Be6 30. Bxe6 fxe6 31. g4 Nd4 32. cxd4 Rxf4 33. dxc5 Rc4
34. Ra1 Rxc5 35. Rxa4 Rxe5 36. f4 Rb5 37. Re4 Rxa5 38. Rxe6 Kf7 39. Rb6 Ra4 40.
Kg2 Rxf4 41. Rxa6 Rb4 42. Ra2 Rb3 43. h4 h6 44. h5 gxh5 45. gxh5 Kf6 46. Kf2
Kg5 47. Ra5+ Kg4 48. Re5 Rxb2+ 49. Ke3 Rb7 50. Ke4 Rb1 51. Kd3 Rd1+ 52. Ke2 Rd7
53. Ke3 Ra7 54. Ke4 Ra1 55. Kd3 Rh1 56. Rxe7 Rxh5 57. Ke2 Rf5 58. Rg7+ Kh3 59.
Rg6 h5 60. Rg8 h4 61. Rh8 Kg3 62. Rg8+ Kh2 63. Rh8 h3 64. Rg8 Rf4 65. Rg7 Rf8
66. Rg6 Ra8 67. Kf2 Ra2+ 68. Kf1 Rg2 69. Rh6 Kg3 70. Rg6+ Kh2 71. Rh6 Rg7 72.
Kf2 Rg4 73. Rh8 Rf4+ 74. Ke3 Rf7 75. Rg8 Rf1 76. Ke2 Rg1 77. Rh8 Kg3 78. Rg8+
Kh2 1/2-1/2

[Event "SF Deizisau 2 - SK Bebenhausen 1"]
[Site "?"]
[Date "2022.05.15"]
[Round "9.7"]
[White "Khadempour, Farhad"]
[Black "Gheng, Dominik"]
[Result "1-0"]
[WhiteElo "2175"]
[BlackElo "2038"]
[PlyCount "61"]
[EventDate "2022.??.??"]

1. c4 e5 2. Nc3 Nf6 3. Nf3 Nc6 4. e4 Bc5 5. Nxe5 Nxe5 6. d4 Bb4 7. dxe5 Nxe4 8.
Qd4 Nxc3 9. bxc3 Be7 10. Qg4 g6 11. Bh6 c5 12. Be2 d6 13. Qg3 dxe5 14. Rd1 Qb6
15. Bg7 Rg8 16. Bxe5 Bd7 17. O-O O-O-O 18. Rb1 Qa6 19. Bf3 Bc6 20. Qh3+ f5 21.
Qxh7 Rdf8 22. Bd5 Bxd5 23. cxd5 Bd8 24. f4 b6 25. Rfd1 Qa4 26. Qh3 Qxa2 27. d6
Kd7 28. Ra1 Qe2 29. Re1 Qg4 30. Qh7+ Kc6 31. Rxa7 1-0

[Event "SF Deizisau 2 - SK Bebenhausen 1"]
[Site "?"]
[Date "2022.05.15"]
[Round "9.8"]
[White "Koellner, Christof"]
[Black "Freiherr von Hauff, Christopher"]
[Result "1-0"]
[WhiteElo "2095"]
[BlackElo "1856"]
[PlyCount "89"]
[EventDate "2022.??.??"]

1. d4 Nf6 2. Bg5 Ne4 3. Bf4 Nc6 4. f3 Nf6 5. d5 e5 6. Bg3 Ne7 7. e4 Ng6 8. Bf2
Bb4+ 9. Nd2 Bxd2+ 10. Qxd2 d6 11. Bb5+ Nd7 12. c3 a6 13. Ba4 O-O 14. Ne2 b5 15.
Bc2 Nc5 16. b4 Nd7 17. a4 Bb7 18. O-O f5 19. axb5 f4 20. Bd3 Qg5 21. bxa6 Bc8
22. Kh1 Nf6 23. a7 Qh5 24. Nc1 Bh3 25. Be1 Bd7 26. Qf2 c6 27. dxc6 Bxc6 28. b5
Bb7 29. Qb6 Rf7 30. Bc4 d5 31. exd5 Nxd5 32. Qxb7 Rxb7 33. Bxd5+ Kf8 34. Bxb7
Rxa7 35. Rxa7 e4 36. Ra8+ Ke7 37. Bxe4 Qxb5 38. Bd3 Qb2 39. Ra7+ Kf6 40. Ra6+
Kf7 41. Bc4+ Kf8 42. Nd3 Qe2 43. Rf2 Qe8 44. Rfa2 Qe3 45. Bf2 1-0

[Event "SG Schwäbisch Gmünd - SC Weiße Dame Ulm"]
[Site "?"]
[Date "2022.05.15"]
[Round "9.1"]
[White "Jochens, Arne"]
[Black "Velicka, Petr"]
[Result "1-0"]
[WhiteElo "2239"]
[BlackElo "2391"]
[PlyCount "79"]
[EventDate "2022.??.??"]

1. c4 c6 2. Nf3 d5 3. e3 Nf6 4. Nc3 a6 5. Qc2 g6 6. d4 Bg7 7. Bd3 O-O 8. O-O
Nbd7 9. b3 b5 10. Bb2 Bb7 11. h3 Re8 12. Rfd1 Rc8 13. c5 Qc7 14. b4 e5 15. dxe5
Nxe5 16. Nxe5 Rxe5 17. e4 Rd8 18. f4 Ree8 19. e5 Nd7 20. Ne2 f6 21. e6 Rxe6 22.
f5 Re7 23. fxg6 hxg6 24. Bxg6 Ne5 25. Bh7+ Kh8 26. Rf1 Bh6 27. Bf5 Rf8 28. Nd4
Bc8 29. Rae1 Nc4 30. Bxc8 Nxb2 31. Rxe7 Qxe7 32. Nf5 Qe5 33. Nxh6 Qe3+ 34. Kh2
Qxh6 35. Qxb2 Rxc8 36. Rxf6 Qg7 37. Qe5 Qc7 38. Rh6+ Kg8 39. Rh8+ Kf7 40. Qxc7+
1-0

[Event "SG Schwäbisch Gmünd - SC Weiße Dame Ulm"]
[Site "?"]
[Date "2022.05.15"]
[Round "9.2"]
[White "Zimmermann, Ulrich"]
[Black "Fleischer, Frank"]
[Result "1/2-1/2"]
[WhiteElo "2282"]
[BlackElo "2215"]
[PlyCount "109"]
[EventDate "2022.??.??"]

1. e4 e6 2. d4 d5 3. exd5 exd5 4. Nf3 Nf6 5. c4 Be7 6. Nc3 c6 7. a3 O-O 8. c5
Bg4 9. Be2 Nbd7 10. O-O Ne4 11. h3 Bh5 12. Bf4 Bf6 13. Rc1 Re8 14. Re1 Qa5 15.
Nb1 b5 16. g4 Bg6 17. h4 h6 18. Kg2 Bh7 19. Rh1 Qd8 20. Bd3 g5 21. hxg5 hxg5
22. Be3 Bg6 23. Qc2 Kg7 24. Nfd2 Qe7 25. Nc3 Qe6 26. Ncxe4 dxe4 27. Be2 Rad8
28. Nf1 Nf8 29. Ng3 Qd5 30. Nh5+ Bxh5 31. Rxh5 Ng6 32. Rch1 Rh8 33. Qc1 Rxh5
34. Rxh5 Rh8 35. Rxh8 Kxh8 36. Qd1 Kg7 37. a4 a6 38. axb5 axb5 39. f3 Nf4+ 40.
Kf2 Nxe2 41. Kxe2 exf3+ 42. Kf2 Kf8 43. Qxf3 Qxf3+ 44. Kxf3 Ke7 45. Ke4 Ke6 46.
b3 Bd8 47. Bd2 Bf6 48. Ba5 Be7 49. Bc7 Bf6 50. b4 Be7 51. Be5 Bd8 52. Bg3 Bf6
53. Bd6 Bd8 54. Be5 Be7 55. Bg3 1/2-1/2

[Event "SG Schwäbisch Gmünd - SC Weiße Dame Ulm"]
[Site "?"]
[Date "2022.05.15"]
[Round "9.3"]
[White "Bildt, Maximilian"]
[Black "Jurek, Josef"]
[Result "1/2-1/2"]
[WhiteElo "2125"]
[BlackElo "2199"]
[PlyCount "35"]
[EventDate "2022.??.??"]

1. e4 e6 2. d4 d5 3. Nc3 Bb4 4. exd5 exd5 5. Bd3 Nc6 6. Nge2 Nf6 7. Bg5 h6 8.
Bh4 g5 9. Bg3 Be6 10. O-O Qd7 11. Bb5 Nh5 12. Be5 f6 13. Nc1 Bf7 14. Nd3 Be7
15. Re1 O-O-O 16. Bg3 Nxg3 17. fxg3 Rde8 18. b4 1/2-1/2

[Event "SG Schwäbisch Gmünd - SC Weiße Dame Ulm"]
[Site "?"]
[Date "2022.05.15"]
[Round "9.4"]
[White "Denisow, Jewgeny"]
[Black "Weber, Franz-Josef"]
[Result "1-0"]
[WhiteElo "2155"]
[BlackElo "2088"]
[PlyCount "85"]
[EventDate "2022.??.??"]

1. e4 d6 2. d4 Nf6 3. f3 Nc6 4. Be3 e5 5. dxe5 Nxe5 6. Nc3 Be7 7. Qd2 O-O 8.
O-O-O Be6 9. g4 c5 10. g5 Nfd7 11. Nb5 Qb6 12. f4 Ng4 13. Nf3 Nxe3 14. Qxe3 Qa5
15. f5 Bxa2 16. Qa3 Qxa3 17. Nxa3 Ne5 18. f6 gxf6 19. Nxe5 fxe5 20. b3 Bxb3 21.
cxb3 Bxg5+ 22. Kc2 Be7 23. Nc4 a5 24. Nxd6 Bxd6 25. Rxd6 a4 26. Bc4 b5 27. Rg1+
Kh8 28. Bxb5 axb3+ 29. Kxb3 f5 30. exf5 Rxf5 31. Bd3 Rf3 32. Kc4 Rc8 33. Be4
Rh3 34. Bf5 Rh4+ 35. Kd5 Re8 36. h3 e4 37. Re6 Rd8+ 38. Ke5 c4 39. Rg3 Rc8 40.
Bxe4 c3 41. Bc2 Rb4 42. Re7 Rh4 43. Ke6 1-0

[Event "SG Schwäbisch Gmünd - SC Weiße Dame Ulm"]
[Site "?"]
[Date "2022.05.15"]
[Round "9.5"]
[White "Kill, Matthias"]
[Black "Weiss, Andreas"]
[Result "1/2-1/2"]
[WhiteElo "2034"]
[BlackElo "2133"]
[PlyCount "111"]
[EventDate "2022.??.??"]

1. Nf3 c5 2. c4 b6 3. g3 Bb7 4. Bg2 Nf6 5. O-O g6 6. a3 Nc6 7. Nc3 Bg7 8. Rb1
O-O 9. d3 Nd4 10. Nxd4 Bxg2 11. Kxg2 cxd4 12. Nb5 Ne8 13. a4 a6 14. Na3 Nc7 15.
b4 Rb8 16. Qc2 d6 17. Bd2 e5 18. a5 bxa5 19. b5 axb5 20. cxb5 Nd5 21. Qb3 Nc3
22. Bxc3 dxc3 23. Qxc3 d5 24. Rfc1 e4 25. d4 Re8 26. e3 Bf8 27. Qb3 Qd7 28. b6
Bb4 29. Rc7 Qe6 30. Qa4 Qxb6 31. Qd7 Qe6 32. Nc2 Qxd7 33. Rxd7 Bf8 34. Ra1 Rec8
35. Ne1 Rb5 36. Kh3 Bb4 37. Ng2 g5 38. Kg4 h6 39. h4 Rc2 40. hxg5 hxg5 41. Kxg5
Rxf2 42. Nf4 Rf3 43. Nh5 Rb6 44. Rc1 Rg6+ 45. Kh4 Bd6 46. Rc8+ Kh7 47. Nf4 Rf6
48. Ra8 Bxf4 49. exf4 Rh6+ 50. Kg4 Rg6+ 51. Kf5 Kg7 52. Rdd8 Rf6+ 53. Ke5 Re6+
54. Kf5 Rf6+ 55. Ke5 Re6+ 56. Kf5 1/2-1/2

[Event "SG Schwäbisch Gmünd - SC Weiße Dame Ulm"]
[Site "?"]
[Date "2022.05.15"]
[Round "9.6"]
[White "Hoenick, Andreas"]
[Black "Wolf, Rainer"]
[Result "1-0"]
[WhiteElo "2136"]
[BlackElo "2016"]
[PlyCount "51"]
[EventDate "2022.??.??"]

1. d4 g6 2. c4 Bg7 3. e4 d6 4. Nc3 Nc6 5. Be3 e5 6. Nge2 f5 7. exf5 Bxf5 8. d5
Nce7 9. h3 h5 10. Ng3 Nf6 11. Bd3 Qd7 12. Qc2 h4 13. Nge4 Nxe4 14. Nxe4 a6 15.
O-O-O O-O-O 16. Kb1 Bh6 17. Rhe1 Bxe4 18. Bxe4 Bxe3 19. Rxe3 Nf5 20. Rc3 Kb8
21. c5 Nd4 22. Rxd4 exd4 23. c6 Qe7 24. Rb3 b5 25. Qd3 Ka8 26. Ra3 1-0

[Event "SG Schwäbisch Gmünd - SC Weiße Dame Ulm"]
[Site "?"]
[Date "2022.05.15"]
[Round "9.7"]
[White "Froehlich, Franziska"]
[Black "Bergner, Philipp"]
[Result "1/2-1/2"]
[WhiteElo "1893"]
[BlackElo "2106"]
[PlyCount "42"]
[EventDate "2022.??.??"]

1. e4 e5 2. Nf3 Nc6 3. Bb5 a6 4. Ba4 Nf6 5. O-O Be7 6. d3 b5 7. Bb3 d6 8. a4 b4
9. Nbd2 O-O 10. Re1 Be6 11. Bxe6 fxe6 12. Nc4 Qd7 13. Bd2 a5 14. c3 Rae8 15.
cxb4 axb4 16. a5 Ra8 17. Ra4 Rfb8 18. Qb3 Nh5 19. Rea1 Nf4 20. Bxf4 exf4 21. d4
d5 1/2-1/2

[Event "TG Biberach - SV Nürtingen"]
[Site "?"]
[Date "2022.05.15"]
[Round "9.1"]
[White "Weigand, Bernhard"]
[Black "Deuer, Marius"]
[Result "0-1"]
[WhiteElo "2183"]
[BlackElo "2359"]
[PlyCount "90"]
[EventDate "2022.??.??"]

1. e4 c6 2. d4 d5 3. exd5 cxd5 4. Bd3 Nf6 5. c3 Bg4 6. f3 Bd7 7. f4 g6 8. Nf3
Bg7 9. O-O O-O 10. Ne5 Nc6 11. Nd2 Qc8 12. Nxd7 Nxd7 13. Nf3 Rb8 14. Qe2 e6 15.
Ne5 Re8 16. Bd2 Nf8 17. Rae1 a6 18. h4 f6 19. Nxc6 Qxc6 20. Be3 b5 21. Rc1 Nd7
22. h5 f5 23. hxg6 hxg6 24. g4 Kf7 25. g5 Rh8 26. Kg2 Qd6 27. Rh1 Rxh1 28. Kxh1
Nb6 29. b3 Rc8 30. Qd2 Qc6 31. Rc2 Nc4 32. Bxc4 dxc4+ 33. Qg2 Qd7 34. Kg1 cxb3
35. axb3 b4 36. Qd2 Qc6 37. d5 exd5 38. cxb4 Qxc2 39. Qxd5+ Ke7 40. Bc5+ Rxc5
41. bxc5 Qe4 42. Qd6+ Kf7 43. Qd7+ Kg8 44. c6 Bd4+ 45. Kf1 Qf3+ 0-1

[Event "TG Biberach - SV Nürtingen"]
[Site "?"]
[Date "2022.05.15"]
[Round "9.3"]
[White "Mareck, Sascha"]
[Black "Mack, Wolfgang"]
[Result "0-1"]
[WhiteElo "2118"]
[BlackElo "2262"]
[PlyCount "80"]
[EventDate "2022.??.??"]

1. d4 g6 2. c4 Bg7 3. e4 d6 4. Be3 e5 5. d5 f5 6. f3 Nf6 7. Nc3 fxe4 8. Qd2
exf3 9. Nxf3 Na6 10. Be2 Qe7 11. O-O O-O 12. a3 Nc5 13. Bxc5 dxc5 14. Rae1 Ng4
15. Ng5 Bd7 16. Bxg4 Bxg4 17. Nce4 h6 18. h3 Bd7 19. Nf3 Kh7 20. b4 cxb4 21.
axb4 b6 22. c5 Bf5 23. d6 cxd6 24. Qxd6 Qxd6 25. Nxd6 bxc5 26. bxc5 Bd3 27. Rf2
e4 28. Nxe4 Rae8 29. Nd6 Rxe1+ 30. Nxe1 Bf5 31. Nf3 a5 32. Nxf5 gxf5 33. Re2 a4
34. Ne1 a3 35. Nd3 Rd8 36. Nb4 Rb8 37. c6 Rxb4 38. c7 a2 39. Rxa2 Rc4 40. Ra5
Kg6 0-1

[Event "TG Biberach - SV Nürtingen"]
[Site "?"]
[Date "2022.05.15"]
[Round "9.4"]
[White "Engelhart, Achim"]
[Black "Aring, Gerd"]
[Result "1/2-1/2"]
[WhiteElo "2042"]
[BlackElo "2196"]
[PlyCount "96"]
[EventDate "2022.??.??"]

1. e4 c5 2. c3 Nf6 3. e5 Nd5 4. Nf3 Nc6 5. Bc4 e6 6. O-O d6 7. d4 dxe5 8. dxe5
Be7 9. Qe2 b6 10. Rd1 O-O 11. Bb3 Qc7 12. Qe4 Bb7 13. Nbd2 Rad8 14. Nf1 b5 15.
Bc2 g6 16. Bh6 Rfe8 17. h4 Nxc3 18. bxc3 Nd4 19. cxd4 Bxe4 20. Bxe4 cxd4 21.
Rac1 Bc5 22. N1d2 Qb6 23. Nb3 Rc8 24. Nxc5 Rxc5 25. Rxc5 Qxc5 26. Rxd4 Qc7 27.
Bg5 h6 28. Bxh6 Rd8 29. Rb4 a5 30. Rxb5 Qc4 31. Rxa5 Qxe4 32. Bg5 Ra8 33. Rxa8+
Qxa8 34. Kh2 Qxa2 35. Kg3 Qc4 36. Bf6 Kf8 37. Ng5 Ke8 38. f3 Qf1 39. Ne4 Kf8
40. Ng5 Kg8 41. Ne4 Qc4 42. Nd6 Qc7 43. Ne4 Kf8 44. Nd6 Qa7 45. Ne4 Qa5 46. Ng5
Qe1+ 47. Kh3 Qh1+ 48. Kg3 Qe1+ 1/2-1/2

[Event "TG Biberach - SV Nürtingen"]
[Site "?"]
[Date "2022.05.15"]
[Round "9.5"]
[White "Doll, Michael"]
[Black "Birkenmaier, Rainer"]
[Result "1/2-1/2"]
[WhiteElo "2137"]
[BlackElo "2108"]
[PlyCount "41"]
[EventDate "2022.??.??"]

1. d4 d5 2. Nf3 Nf6 3. e3 c6 4. c4 e6 5. cxd5 exd5 6. Nc3 Bg4 7. h3 Bxf3 8.
Qxf3 Nbd7 9. Bd3 Bd6 10. O-O O-O 11. Rb1 a5 12. Qd1 Re8 13. f3 Nh5 14. e4 Qh4
15. Ne2 Ng3 16. Nxg3 Bxg3 17. Be3 Nf6 18. Qd2 Nh5 19. Bg5 Bf4 20. Bxh4 Bxd2 21.
Rbd1 1/2-1/2

[Event "TG Biberach - SV Nürtingen"]
[Site "?"]
[Date "2022.05.15"]
[Round "9.6"]
[White "Namyslo, Holger"]
[Black "Auch, Stefan"]
[Result "1/2-1/2"]
[WhiteElo "2185"]
[BlackElo "2078"]
[PlyCount "30"]
[EventDate "2022.??.??"]

1. e4 d5 2. exd5 Qxd5 3. Nc3 Qa5 4. d4 Nf6 5. Nf3 Bf5 6. Bc4 e6 7. Bd2 Bb4 8.
a3 Bxc3 9. Bxc3 Qb6 10. O-O Nc6 11. a4 a5 12. Ne5 O-O 13. Bb5 Nxe5 14. dxe5 Nd5
15. Qd2 Nxc3 1/2-1/2

[Event "TG Biberach - SV Nürtingen"]
[Site "?"]
[Date "2022.05.15"]
[Round "9.7"]
[White "Reutter, Frank"]
[Black "Mock, Markus"]
[Result "1/2-1/2"]
[WhiteElo "1933"]
[BlackElo "1934"]
[PlyCount "85"]
[EventDate "2022.??.??"]

1. Nf3 d5 2. g3 Nf6 3. Bg2 c6 4. O-O Bg4 5. d4 Nbd7 6. Nbd2 e6 7. c4 Be7 8. b3
O-O 9. Bb2 Ne4 10. cxd5 exd5 11. Nxe4 dxe4 12. Nd2 f5 13. f3 exf3 14. exf3 Bh5
15. Qe2 Bf6 16. Kh1 Bf7 17. f4 Nb6 18. Nf3 Bd5 19. Ne5 Re8 20. Rad1 Bxg2+ 21.
Qxg2 Nd5 22. Rfe1 Qa5 23. a3 Rad8 24. Qc2 g6 25. b4 Qc7 26. Rc1 Qg7 27. Qb3 a6
28. a4 Bxe5 29. dxe5 Qd7 30. b5 axb5 31. axb5 Qe6 32. bxc6 bxc6 33. Qa4 Rc8 34.
Rc5 Nf6 35. Rec1 Ng4 36. Qc4 Qxc4 37. R5xc4 Red8 38. h3 Nf2+ 39. Kg2 Ne4 40.
Bc3 c5 41. Be1 Ra8 42. g4 Kf7 43. R1c2 1/2-1/2

[Event "Stuttgarter SF 2 - TSV Schönaich 2"]
[Site "?"]
[Date "2022.05.15"]
[Round "9.2"]
[White "Gabriel, Robert"]
[Black "Brunner, J.."]
[Result "1/2-1/2"]
[WhiteElo "2210"]
[BlackElo "2177"]
[PlyCount "94"]

1. d4 Nf6 2. Nf3 e6 3. c4 b6 4. g3 Ba6 5. b3 Bb4+ 6. Bd2 Be7 7. Bg2 d5 8. O-O
O-O 9. Ne5 c6 10. Bc3 Nfd7 11. Nxd7 Nxd7 12. Nd2 Nf6 13. e4 Rc8 14. Re1 Bb7 15.
Qe2 Re8 16. Rad1 Qc7 17. Bb2 Bf8 18. h4 dxe4 19. Nxe4 Nxe4 20. Bxe4 Rcd8 21. h5
f5 22. Bg2 Bb4 23. Rf1 Bd6 24. f4 h6 25. Kh2 a5 26. a4 Bc8 27. Qf3 Bd7 28. Rfe1
Kh7 29. Qf2 Bc8 30. c5 Be7 31. Qc2 Bd7 32. Rc1 Rc8 33. Bc3 Bf6 34. Qd2 Ra8 35.
Ra1 Rg8 36. b4 axb4 37. Bxb4 Rgb8 38. a5 bxa5 39. Bxa5 Qc8 40. Bb6 Rxa1 41.
Rxa1 Ra8 42. Rxa8 Qxa8 43. Bc7 Qa3 44. Be5 Bd8 45. Qe2 Ba5 46. Qa6 Bb4 47. Qxa3
Bxa3 1/2-1/2

[Event "Stuttgarter SF 2 - TSV Schönaich 2"]
[Site "?"]
[Date "2022.05.15"]
[Round "9.3"]
[White "Reck, Moritz"]
[Black "Weidel, Albrecht"]
[Result "1/2-1/2"]
[WhiteElo "2126"]
[BlackElo "2143"]
[PlyCount "127"]
[EventDate "2022.??.??"]

1. e4 e5 2. Nc3 Nf6 3. g3 Bc5 4. Bg2 d6 5. d3 Ng4 6. Nh3 Nc6 7. O-O h5 8. Na4
h4 9. Nxc5 dxc5 10. c3 hxg3 11. hxg3 Bd7 12. f3 Nh6 13. Bg5 f6 14. Be3 Qe7 15.
Qe2 Nf7 16. Nf2 g5 17. a3 Qf8 18. Ng4 Nh6 19. Nxh6 Qxh6 20. Bxc5 Qh2+ 21. Kf2
Rh3 22. Ke1 Qxg3+ 23. Qf2 Qxf2+ 24. Kxf2 Rh8 25. b4 b6 26. Be3 Kf7 27. d4 Rh5
28. Rh1 Rah8 29. Rxh5 Rxh5 30. a4 exd4 31. Bxd4 a5 32. b5 Ne5 33. Kg3 Be6 34.
Bf1 Rh1 35. Kg2 Rh5 36. c4 Ng6 37. Be3 Rh8 38. Rc1 Bh3+ 39. Kg3 Bxf1 40. Rxf1
Rd8 41. c5 bxc5 42. Rc1 Rd3 43. Kf2 Ke6 44. Rxc5 Kd7 45. Rd5+ Rxd5 46. exd5 Ne5
47. Bd4 Kd6 48. Bc3 Nc4 49. Bxf6 Nb6 50. Bxg5 Nxa4 51. Bf4+ Kxd5 52. Bxc7 Kc5
53. Bxa5 Kxb5 54. Bd2 Nc5 55. Ke3 Kc4 56. f4 Kd5 57. Bc3 Ne4 58. Bb4 Ng3 59.
Kf3 Nf5 60. Bc3 Nh4+ 61. Kg4 Ng2 62. f5 Ne3+ 63. Kg5 Nxf5 64. Kxf5 1/2-1/2